| 000 | 01141nam a22003377a 4500 | ||
|---|---|---|---|
| 003 | CHAP | ||
| 005 | 20220329140811.0 | ||
| 008 | 971013s1995 r 00010 d | ||
| 010 | _a57839 | ||
| 011 | _a58811 | ||
| 035 | _a62967 | ||
| 040 | _cCHAP | ||
| 090 | _aTesis | ||
| 100 | 0 | 0 |
_aVillegas Romero, Isidro. _9119775 |
| 245 | _aLevantamiento semidetallado de los suelos del Valle de Cocula, estado de Guerrero | ||
| 260 |
_aChapingo, Méx. : _bEl autor, _c1995 |
||
| 300 |
_a87 h. _e+ 5 mapas |
||
| 502 | _aTesis (Ing. Agr. Esp. en Suelos) -- UACH. Departamento de Suelos | ||
| 590 |
_aALEPH _b10 _c20130110 _lUCH01 _h1336 |
||
| 590 |
_aBATCH-UPD _b10 _c20130110 _lUCH01 _h0800 |
||
| 590 |
_aBATCH-UPD _b10 _c20130410 _lUCH01 _h0439 |
||
| 590 |
_aBATCH-UPD _b10 _c20130914 _lUCH01 _h1723 |
||
| 590 |
_aCONVERSION _b10 _c20130109 _lUCH01 _h1331 |
||
| 650 | 1 | 4 |
_aLevantamiento topográfico. _966426 |
| 650 | 1 | 4 |
_aSuelos _xClasificación. _9110239 |
| 650 | 1 | 4 |
_aSuelos _xGuerrero. _9110386 |
| 901 | _aBK | ||
| 942 | _cTESIS | ||
| 949 |
_bBC _cTES _d-135120 _eTS1 _h28521 _i62967 _si |
||
| 949 |
_bBC _cTES _d33724000088274 _eTS1 _fc.2 _h28522 _i62967 _si |
||
| 999 |
_c57839 _d57839 |
||